000 00392nam a2200169 4500
003 OSt
008 251110b |||||||| |||| 00| 0 eng d
020 _a9788129137708
082 _a294.544
_bPAM
100 _aPATTANAIK, Devdutt
245 _aMy Gita
250 _a38th ed.
_bimp.
260 _aNew Delhi
_bRupa Publications
_c2025
300 _a248
650 _aGeneral
942 _2ddc
_cBK
999 _c13769
_d13769